书目信息 |
| 题名: |
创新话旧
|
|
| 作者: | 温景嵩 著 | |
| 分册: | ||
| 出版信息: | 北京 气象出版社 2005.07 |
|
| 页数: | 289页 | |
| 开本: | 20cm | |
| 丛书名: | ||
| 单 册: | ||
| 中图分类: | G304 | |
| 科图分类: | ||
| 主题词: | 科学方法论 | |
| 电子资源: | ||
| ISBN: | 7-5029-3992-X | |
| 000 | 00935nam0 2200229 450 | |
| 001 | 010233122266 | |
| 005 | 20051110093045.93 | |
| 010 | @a7-5029-3992-X@dCNY20.00 | |
| 100 | @a20051014d2005 km y0chiy0121 ea | |
| 101 | 0 | @achi |
| 102 | @aCN@b110000 | |
| 105 | @ay z 000yy | |
| 200 | 1 | @a创新话旧@Achuang xin hua jiu@e谈科学研究中的思想方法问题@f温景嵩著@Fwen jing song zhu |
| 210 | @a北京@c气象出版社@d2005.07 | |
| 215 | @a289页@d20cm | |
| 330 | @a本书作者围绕在2000年获图家自然科学奖中的8个创新点,谈科学研究的往事。作者是气溶胶方面的著名科学家,在克服种种困难,在逆境中取得尽人瞩目的科研成果。他从方法论角度,富有哲理地把成功的经验和人生的教训加以分析总结,用流畅的笔调,娓娓的诉说。 | |
| 517 | 1 | @a谈科学研究中的思想方法问题@Atan ke xue yan jiu zhong de si xiang fang fa wen ti |
| 606 | 0 | @a科学方法论 |
| 690 | @aG304@v4 | |
| 701 | 0 | @a温景嵩@Awen jing song@4著 |
| 801 | 0 | @aCN@bQSSK@c20051110 |
| 905 | @a10447@dG304@eW620 | |
| 创新话旧:谈科学研究中的思想方法问题/温景嵩著.-北京:气象出版社,2005.07 |
| 289页;20cm |
| ISBN 7-5029-3992-X:CNY20.00 |
| 本书作者围绕在2000年获图家自然科学奖中的8个创新点,谈科学研究的往事。作者是气溶胶方面的著名科学家,在克服种种困难,在逆境中取得尽人瞩目的科研成果。他从方法论角度,富有哲理地把成功的经验和人生的教训加以分析总结,用流畅的笔调,娓娓的诉说。 |
| ● |
| 相关链接 |
|
|
|
正题名:创新话旧
索取号:G304/W620
 
预约/预借
| 序号 | 登录号 | 条形码 | 馆藏地/架位号 | 状态 | 备注 |
| 1 | 574652 | 205746521 | 社科库409/409社科库 60排7列1层/ [索取号:G304/W620] | 在馆 | |
| 2 | 574653 | 205746530 | 社科二线422/422社科库 31排4列1层/ [索取号:G304/W620] | 在馆 | |
| 3 | 574654 | 205746549 | 社科二线422/409社科库 60排7列1层/ [索取号:G304/W620] | 在馆 |